Psicologia y tratamiento penitenciario: une approximacion

Gespeichert in:  
Bibliographische Detailangaben
1. VerfasserIn: Garrido, Vicente 1958- (Verfasst von)
Medienart: Druck Buch
Sprache:Spanisch
Veröffentlicht: Caracas [u.a.] Edersa 1982
In: Colección de criminología y derecho penal (31)
Jahr: 1982
Bestand in Tübingen:In Tübingen vorhanden.
UB: KB 14 A 747
Verfügbarkeit prüfen: HBZ Gateway
Subito Bestelldienst: Jetzt bestellen.

MARC

LEADER 00000cam a22000002c 4500
001 109142280X
003 DE-627
005 20220514124928.0
007 tu
008 900827s1982 xx ||||| 00| ||spa c
035 |a (DE-627)109142280X 
035 |a (DE-576)02142280X 
035 |a (DE-599)BSZ02142280X 
035 |a (OCoLC)311315419 
040 |a DE-627  |b ger  |c DE-627  |e rakwb 
041 |a spa 
100 1 |a Garrido, Vicente  |d 1958-  |0 (DE-588)131905392  |0 (DE-627)516069810  |0 (DE-576)16430603X  |4 aut 
109 |a Garrido, Vicente 1958-  |a Garrido Genovés, Vicente 1958-  |a Genovés, Vicente Garrido 1958- 
245 1 0 |a Psicologia y tratamiento penitenciario  |b une approximacion  |c Vicente Garrido Genoves 
264 1 |a Caracas [u.a.]  |b Edersa  |c 1982 
300 |a 149 S. 
336 |a Text  |b txt  |2 rdacontent 
337 |a ohne Hilfsmittel zu benutzen  |b n  |2 rdamedia 
338 |a Band  |b nc  |2 rdacarrier 
490 1 |a Colección de criminología y derecho penal  |v 31 
490 0 |a Publicaciones del Instituto Universitarion de Criminologia de la Universidad complutense de Madrid 
583 1 |a Archivierung prüfen  |c 20200919  |f DE-640  |z 2  |2 pdager 
830 0 |a Colección de criminología y derecho penal  |v 31  |9 31  |w (DE-627)166467421  |w (DE-576)020882629  |w (DE-600)197284-4  |7 am 
951 |a BO 
ELC |b 1 
LOK |0 000 xxxxxcx a22 zn 4500 
LOK |0 001 2149885565 
LOK |0 003 DE-627 
LOK |0 004 109142280X 
LOK |0 005 20020606000000 
LOK |0 008 900827||||||||||||||||ger||||||| 
LOK |0 040   |a DE-21  |c DE-627  |d DE-21 
LOK |0 852   |a DE-21 
LOK |0 852 1  |c KB 14 A 747  |9 00 
LOK |0 935   |a krim 
LOK |0 936ln  |a k12.11.4 
LOK |0 939   |a 27-08-90  |b l01 
ORI |a SA-MARC-krimdoka001.raw 
SIG |a UB: KB 14 A 747